| 000 | 00795cam a2200253 i 4500 | ||
|---|---|---|---|
| 001 | bg | ||
| 003 | KOSZ 005 | ||
| 005 | 20220117142956.0 | ||
| 008 | 061129s1972 pl a f f |000 0 pol | ||
| 015 | _aPB 1973/1254 | ||
| 040 |
_aWA N _cBPK |
||
| 080 | _a531/534 | ||
| 080 | _a(07) | ||
| 100 | 1 |
_aPiasecki, Stanisław _c(nauki techniczne) _eAutor |
|
| 245 | 1 | 0 |
_aMechanika / _cStanisław Piasecki, Jerzy Rżysko. |
| 260 |
_aWarszawa : _bPańst. Wydaw. Nauk., _c1972. |
||
| 300 |
_a243, [1] s. : _bil., err. ; _c23 cm. |
||
| 504 | _aBibliogr. | ||
| 650 | 4 | _aMechanika | |
| 655 | 4 | _aPodręcznik | |
| 700 | 1 |
_aRżysko, Jerzy _d(1926-1988) _eAutor |
|
| 856 |
_uhttp://koha.tu.koszalin.pl/cgi-bin/koha/opac-detail.pl?biblionumber=7579 _yKatalog online BPK |
||
| 942 |
_2UKD _cKS |
||
| 999 |
_c7579 _d7579 |
||